01574ngm a2200289 a 450000500170000000800410001702000150005808200180007310000310009124500710012225000190019330000360021249000300024852005240027865000500080265000740085265000670092665000640099365000340105794200200109126400350111133600270114633700330117333800280120604000350123499900150126920220317000612.0160601s2002 ck g 000 0 und  a958080400104a591.9861bA921 aRiaño La Rotta, Fernando10aAves y peces del Orinoco cFernando Riaño La RottahVideocasete  a1a. edición  a1 videocasete (ca. 26 minutos)  aExpediciones por Colombia aColombia posee la mayor diversidad de aves del mundo, y la Orinoquía es uno de los lugares del país donde se puede apreciar en pleno el espectáculo de sus cantos y plumajes multicolores. Corocoras, alcaravanes, garzas y espátulas, cientos de aves se congregan junto a los espejos de agua cuando las sabanas se inundan. Y allí también están los peces, escalares, curitos, mataguaras, pirañas; un completo ecosistema que vive con la llegada de las lluvias y mantiene la riqueza natural de nuestra nación142LEMBaAvesvVideocaseteszOrinoco (Colombia) 142LEMBaAves vVideocasetesxHábitos y conducta zOrinoco (Colombia) 142LEMBaAves vVideocasetesxClasificaciónzOrinoco (Colombia)142LEMBaPeces vVideocaseteszOrinoquia (Región, Colombia) 142LEMBaPecesxClasificación  2ddccVIDEOCASET aBogotá bVideo Factoryc2002 atextobtxt2rdacontent asin mediaciónbn2rdamedia avolumenbnc2rdacarrier aCO-BoRNBPbspaerdacCO-BoRNBP c4529d4529